| Поле | Название | Значение |
| |
Тип записи |
a |
| |
Библиографический уровень |
m |
| 001 |
Контрольный номер |
RU/URAIT/564092 |
| 005 |
Дата корректировки |
20260429163708.7 |
| 008 |
Кодируемые данные |
260429s2025 RU y f j 000 0 rus u |
| 020 |
Индекс ISBN |
__ |
| a |
ISBN |
978-5-534-17307-9 |
| c |
Цена, тираж |
0.00 |
| 040 |
Источник каталогиз. |
__ |
| a |
Служба первич. каталог. |
ИКО Юрайт |
| c |
Служба, преобразующая запись |
ИКО Юрайт |
| e |
Правила каталог. |
RCR |
| 041 |
Код языка издания |
__ |
| a |
Код языка текста |
rus |
| 044 |
Код страны публикации |
__ |
| a |
Код страны публикации |
RU |
| 080 |
Индекс УДК |
__ |
| a |
Индекс УДК |
544.147(075.8) |
| 084 |
Индекс другой классификации/Индекс ББК |
__ |
| 2 |
Источник индекса |
rubbk |
| a |
Индекс другой классификации/Индекс ББК |
24.5я73 |
| 100 |
Автор |
__ |
| a |
Автор |
Неудачина Л. К. |
| q |
Полное имя |
Неудачина Людмила Константиновна |
| 245 |
Заглавие |
__ |
| a |
Заглавие |
Химия координационных соединений |
| b |
Продолж. заглавия |
учебник для вузов |
| c |
Ответственность |
Л. К. Неудачина, Н. В. Лакиза. |
| 256 |
Характеристики компьютерного файла |
__ |
| a |
Характеристики компьютерного файла |
Электрон. дан. |
| 260 |
Выходные данные |
__ |
| a |
Место издания |
Москва |
| b |
Издательство |
Юрайт |
| c |
Дата издания |
2025 |
| 300 |
Физическое описание |
__ |
| a |
Объем |
123 с |
| 440 |
Серия |
__ |
| a |
Серия |
Высшее образование |
| 500 |
Примечания |
__ |
| a |
Примечание |
URL: https://urait.ru/bcode/564092 (дата обращения: 29.04.2026). |
| 520 |
Аннотация |
__ |
| a |
Аннотация |
Пособие поможет студентам получить цельное представление о физико-химических основах получения и применения координационных соединений. В нем рассматриваются основные современные физико-химические подходы к описанию координационных (комплексных) соединений: химическая связь в комплексных соединениях, термодинамика и кинетика образования комплексных соединений, связь между структурой образующихся соединений и их аналитическими свойствами. Рассмотрены различные аспекты применения комплексных соединений. |
| 538 |
Прим. о системных особенностях |
__ |
| a |
Прим. о системных особенностях |
Режим доступа: Электронно-библиотечная система Юрайт, для авториз. пользователей |
| 653 |
Ключевые слова |
__ |
| a |
Ключевые слова |
Общая химия |
| 653 |
Ключевые слова |
__ |
| a |
Ключевые слова |
Естественные науки |
| 653 |
Ключевые слова |
__ |
| a |
Ключевые слова |
Химия координационных соединений |
| 653 |
Ключевые слова |
__ |
| a |
Ключевые слова |
Химия комплексных соединений |
| 653 |
Ключевые слова |
__ |
| a |
Ключевые слова |
Кластеры - современный подход в химии координационных соединений |
| 653 |
Ключевые слова |
__ |
| a |
Ключевые слова |
Координационные соединения |
| 653 |
Ключевые слова |
__ |
| a |
Ключевые слова |
Методы синтеза неорганических и координационных соединений |
| 653 |
Ключевые слова |
__ |
| a |
Ключевые слова |
Комплексные соединения f-элементов |
| 653 |
Ключевые слова |
__ |
| a |
Ключевые слова |
Синтез и идентификация координационных соединений |
| 653 |
Ключевые слова |
__ |
| a |
Ключевые слова |
Синтез координационных соединений |
| 653 |
Ключевые слова |
__ |
| a |
Ключевые слова |
Химия циклических соединений |
| 653 |
Ключевые слова |
__ |
| a |
Ключевые слова |
Координационные соединения в природных системах |
| 653 |
Ключевые слова |
__ |
| a |
Ключевые слова |
Комплексные соединения |
| 653 |
Ключевые слова |
__ |
| a |
Ключевые слова |
Комплексные соединения в химическом анализе |
| 653 |
Ключевые слова |
__ |
| a |
Ключевые слова |
Химия элементов и их соединений |
| 653 |
Ключевые слова |
__ |
| a |
Ключевые слова |
Механизмы реакций с участием координационных соединений |
| 653 |
Ключевые слова |
__ |
| a |
Ключевые слова |
Введение в химию координационных соединений |
| 653 |
Ключевые слова |
__ |
| a |
Ключевые слова |
Исследование комплексных соединений |
| 653 |
Ключевые слова |
__ |
| a |
Ключевые слова |
Синтез и методы исследования координационных соединений |
| 653 |
Ключевые слова |
__ |
| a |
Ключевые слова |
Комплексные соединения и органические реагенты в химическом анализе |
| 653 |
Ключевые слова |
__ |
| a |
Ключевые слова |
Физико-химические методы исследования координационных соединений в растворах |
| 700 |
Другие авторы |
__ |
| a |
Другие авторы |
Лакиза Н. В. |
| q |
Полное имя |
Лакиза Наталья Владимировна |
| 856 |
Электронный адрес документа |
40 |
| n |
Местонахождение сервера |
Юрайт |
| g |
|
Электронная книга |
| q |
Тип электронного формата |
html |
| h |
Имя пользователя |
ЮРАЙТ |
| v |
Часы доступа к ресурсу |
20271231 |
| 2 |
Способ доступа |
Показать документ |
| x |
Служебное примечание |
https://urait.ru/book/cover/E8D08012-BD80-47F3-B02F-EB678EBC0F69 |
| u |
URL |
https://urait.ru/bcode/564092 |
| 856 |
Электронный адрес документа |
48 |
| q |
Тип электронного формата |
cover |
| u |
URL |
https://urait.ru/book/cover/E8D08012-BD80-47F3-B02F-EB678EBC0F69 |
| 911 |
|
__ |
| u |
|
0030=https://urait.ru/bcode/564092 |
| 911 |
|
__ |
| u |
|
073a=9785534173079 |
| u |
|
073d=0.00 |
| 911 |
|
__ |
| u |
|
106a=s |
| 911 |
|
__ |
| u |
|
900l= |
| 952 |
Тип литературы |
__ |
| i |
Дисциплина |
Химия координационных соединений |
| 952 |
Тип литературы |
__ |
| i |
Дисциплина |
Химия комплексных соединений |
| 952 |
Тип литературы |
__ |
| i |
Дисциплина |
Кластеры - современный подход в химии координационных соединений |
| 952 |
Тип литературы |
__ |
| i |
Дисциплина |
Координационные соединения |
| 952 |
Тип литературы |
__ |
| i |
Дисциплина |
Методы синтеза неорганических и координационных соединений |
| 952 |
Тип литературы |
__ |
| i |
Дисциплина |
Комплексные соединения f-элементов |
| 952 |
Тип литературы |
__ |
| i |
Дисциплина |
Синтез и идентификация координационных соединений |
| 952 |
Тип литературы |
__ |
| i |
Дисциплина |
Синтез координационных соединений |
| 952 |
Тип литературы |
__ |
| i |
Дисциплина |
Химия циклических соединений |
| 952 |
Тип литературы |
__ |
| i |
Дисциплина |
Координационные соединения в природных системах |
| 952 |
Тип литературы |
__ |
| i |
Дисциплина |
Комплексные соединения |
| 952 |
Тип литературы |
__ |
| i |
Дисциплина |
Комплексные соединения в химическом анализе |
| 952 |
Тип литературы |
__ |
| i |
Дисциплина |
Химия элементов и их соединений |
| 952 |
Тип литературы |
__ |
| i |
Дисциплина |
Механизмы реакций с участием координационных соединений |
| 952 |
Тип литературы |
__ |
| i |
Дисциплина |
Введение в химию координационных соединений |
| 952 |
Тип литературы |
__ |
| i |
Дисциплина |
Исследование комплексных соединений |
| 952 |
Тип литературы |
__ |
| i |
Дисциплина |
Синтез и методы исследования координационных соединений |
| 952 |
Тип литературы |
__ |
| i |
Дисциплина |
Комплексные соединения и органические реагенты в химическом анализе |
| 952 |
Тип литературы |
__ |
| i |
Дисциплина |
Физико-химические методы исследования координационных соединений в растворах |